| 000 | 00000nam##2200000za#4500 |
| 001 | 9.581285 |
| 003 | CaOODSP |
| 005 | 20210624191438 |
| 007 | cr ||||||||||| |
| 008 | 150406|2015||||xxc|||||o f|0| 0 eng|d |
| 020 | |a978-1-100-25465-4 |
| 040 | |aCaOODSP|beng |
| 043 | |an-cn--- |
| 086 | 1 |aEm15-1/10-2015E-PDF |
| 110 | 1 |aCanada. |bEmployment and Social Development Canada. |
| 245 | 10|aTruck and transport mechanic / |h[electronic resource]|c[by] Trades and Apprenticeship Division, Labour Market Integration Directorate. |
| 260 | |aGatineau - Quebec : |bEmployment and Social Development Canada |c2015. |
| 300 | |a149p.|bfig., glossary |
| 490 | 1 |aOccupational analyses series|vNational Occupational Classification: 7321 |
| 590 | |a15-10|b2015-03-06 |
| 690 | 07|aOccupations|2gcpds |
| 775 | 08|tMécanicien/mécanicienne de camions et transport / |w(CaOODSP)9.608131 |
| 830 | #0|aOccupational analyses series ;|vNational Occupational Classification: 7321|w(CaOODSP)9.505333 |
| 856 | 40|ahttp://publications.gc.ca|qPDF|s1.35 MB|uhttps://publications.gc.ca/collections/collection_2015/edsc-esdc/Em15-1-10-2015-eng.pdf|yNational Occupational Classification: 7321 |
| 986 | |aLM-523-01-15E |